Συμβολή εις την μεθοδικήν της διδασκαλίας των μαθηματικών
Αποθηκεύτηκε σε:
| Κύριος συγγραφέας: | |
|---|---|
| Μορφή: | Βιβλίο |
| Γλώσσα: | Greek |
| Δημοσίευση: |
Αθήναι :
[χ.ό.],
1950
|
| Σειρά: | Μαθητική - παιδαγωγική βιβλιοθήκη
|
| Θέματα: | |
| Ετικέτες: |
Προσθήκη ετικέτας
Δεν υπάρχουν, Καταχωρήστε ετικέτα πρώτοι!
|
MARC
| LEADER | 00000cam a2200000 i 4500 | ||
|---|---|---|---|
| 001 | 1/97407 | ||
| 008 | 081118s1950 gre d | ||
| 035 | |l 10101702 | ||
| 040 | |a GR-MY-UA |b gre |e aacr | ||
| 041 | 0 | |a gre | |
| 082 | 0 | |a 510.71 |2 (22) | |
| 100 | 1 | |a Μιχαλόπουλος, Νίκος Γ. | |
| 245 | 1 | 0 | |a Συμβολή εις την μεθοδικήν της διδασκαλίας των μαθηματικών / |c Νικ. Γ. Μιχαλόπουλου |
| 260 | |a Αθήναι : |b [χ.ό.], |c 1950 | ||
| 300 | |a 163 σ.; |b φωτ.; |c 24 εκ. | ||
| 490 | 1 | |a Μαθητική - παιδαγωγική βιβλιοθήκη | |
| 505 | 0 | |a Τ.1. Πρακτική γεωμετρία - στερεομετρία (θεωρία - εφαρμογή) | |
| 650 | 0 | 0 | |a Mathematics |x Study and teaching |x Methodology. |
| 650 | 0 | 0 | |a Teaching |x Methodology. |
| 830 | 0 | |a Μαθητική - παιδαγωγική βιβλιοθήκη | |
| 852 | |a INST |b RHODES |c AKA |e 20081118 |h 510.71 ΜΙΧ |p 005400031085 |q 005400031085 |t BK |y 0 | ||
| 901 | |a BIBL4-2008-3 | ||
| 909 | |a Ρ |b 153598 | ||
| 970 | |a ΧΑΡΙΟΠΟΛΙΤΟΥ |b ΚΩΝΣΤΑΝΤΙΝΑ |z 2008/11/18 | ||